| 000 | 00672nam a2200229 a 4500 | ||
|---|---|---|---|
| 001 | BRCA_7899 | ||
| 005 | 20190320210037.0 | ||
| 008 | 170214s1965----ne-ab#####---#000-0#eng-# | ||
| 041 | _aeng | ||
| 044 | _ane | ||
| 050 | 4 |
_aQH179 _b.B68 1965 |
|
| 100 | 1 |
_aBourliere, Francois _919534 |
|
| 245 | 1 | 0 |
_aThe land and wild-life of Eurasia _cby Francois Bourliere and the editors of life. |
| 260 |
_a[Ćmsterdam] _bTime-Life International _cc1965 |
||
| 300 |
_a198 p. _bil., mapas _c28 cm. |
||
| 440 | 0 |
_aLife nature library _919289 |
|
| 500 | _aY175 | ||
| 650 | 1 | 4 |
_aHistoria natural _910072 |
| 651 | 4 |
_aAsia _xDescripción y viajes _918743 |
|
| 902 | _aGFM | ||
| 942 |
_2lcc _cB |
||
| 999 |
_c7571 _d7571 |
||